[Event "Nuremberg Zabo op 14th"]
[Site "Nuremberg"]
[Date "2012.09.14"]
[Round "1.47"]
[White "Dreiseitel, Ursula"]
[Black "Kussmann, Oliver"]
[Result "0-1"]
[WhiteElo "1331"]
[BlackElo "1750"]
[PlyCount "66"]
[EventDate "2012.09.14"]
[EventType "swiss"]
[EventRounds "5"]
[EventCountry "GER"]
[SourceTitle "EXT 2022"]
[Source "ChessBase"]
[SourceDate "2021.10.06"]
[SourceVersion "1"]
[SourceVersionDate "2021.10.06"]
[SourceQuality "1"]

1. d4 Nf6 2. c4 e6 3. a3 c6 4. Nc3 d5 5. e3 Bd6 6. c5 Bc7 7. Nf3 0-0 8. Be2 Nbd7 9. 0-0 e5 10. Qc2 e4 11. Nd2 Ne8 12. f4 Ndf6 13. h3 g6 14. Rf2 Ng7 15. Nf1 Nf5 16. Bd2 Ne8 17. g3 Neg7 18. Rg2 Bd7 19. Kf2 g5 20. Nh2 gxf4 21. gxf4 Qh4+ 22. Kg1 Qxh3 23. Ng4 Nh4 24. Nf6+ Kh8 25. Rh2 Qg3+ 26. Kh1 Bh3 27. Rg1 Ng2 28. Rhxg2 Bxg2+ 29. Rxg2 Qh4+ 30. Rh2 Qxf6 31. Bg4 Nf5 32. Ne2 Rg8 33. Rg2 Qh4+ 0-1

[Event "Hohenloher op 10th"]
[Site "Forchtenberg"]
[Date "2003.06.21"]
[Round "5"]
[White "Kussmann, Oliver"]
[Black "Schindler, Sirko"]
[Result "1/2-1/2"]
[WhiteElo "1646"]
[BlackElo "1350"]
[PlyCount "44"]
[EventDate "2003.06.19"]
[EventType "swiss"]
[EventRounds "7"]
[EventCountry "GER"]
[SourceTitle "EXT 2004"]
[Source "ChessBase"]
[SourceDate "2003.11.25"]
[SourceVersion "1"]
[SourceVersionDate "2003.11.25"]
[SourceQuality "1"]

1. e4 e5 2. Nf3 Nc6 3. Bb5 Nf6 4. 0-0 d6 5. d4 Bd7 6. Re1 Nxd4 7. Bxd7+ Nxd7 8. Nxd4 exd4 9. Qxd4 Qh4 10. Qe3 Be7 11. Nd2 0-0 12. Nf3 Qf6 13. e5 Nxe5 14. Nxe5 dxe5 15. Qxe5 Qxe5 16. Rxe5 Bd6 17. Re2 Rfe8 18. Rxe8+ Rxe8 19. Be3 b6 20. Kf1 Bxh2 21. a4 Bd6 22. a5 f5 1/2-1/2

[Event "Hohenloher op 10th"]
[Site "Forchtenberg"]
[Date "2003.06.20"]
[Round "4"]
[White "Schobel, Walter"]
[Black "Kussmann, Oliver"]
[Result "1-0"]
[WhiteElo "1783"]
[BlackElo "1646"]
[PlyCount "67"]
[EventDate "2003.06.19"]
[EventType "swiss"]
[EventRounds "7"]
[EventCountry "GER"]
[SourceTitle "EXT 2004"]
[Source "ChessBase"]
[SourceDate "2003.11.25"]
[SourceVersion "1"]
[SourceVersionDate "2003.11.25"]
[SourceQuality "1"]

1. e4 c5 2. Nf3 d6 3. Bc4 Nc6 4. c3 e6 5. d4 cxd4 6. Nxd4 Be7 7. Be3 Nf6 8. Qc2 Ng4 9. Bd2 Qb6 10. 0-0 Nxd4 11. cxd4 Qxd4 12. Bb5+ Bd7 13. Bxd7+ Kxd7 14. Bc3 Qc5 15. h3 Ne5 16. Qb3 Qc6 17. Rd1 f6 18. Nd2 Nd3 19. Bd4 Nc5 20. Bxc5 dxc5 21. Nc4+ Ke8 22. e5 Rd8 23. Rxd8+ Bxd8 24. Nd6+ Ke7 25. Nxb7 Bb6 26. Qg3 g6 27. exf6+ Kxf6 28. Qf4+ Ke7 29. Qg5+ Kf7 30. Qe5 Rg8 31. Nd6+ Ke7 32. Rd1 h6 33. Ne4 Rf8 34. Qg7+ 1-0